| 000 | 01678cam a2200457 a 4500 | ||
|---|---|---|---|
| 001 | 21998 | ||
| 003 | VRT | ||
| 005 | 20260317144448.0 | ||
| 008 | 151112s2011 xo a a 0 0 0 slo | ||
| 015 | _aSNBA2012/05-02807 | ||
| 020 | _a9788080882846 (viaz.) | ||
| 035 | _a933C86E7-F622-4337-A172-0BA2446AA662 | ||
| 035 | _aurn:nbn:sk:snk-amjxnw | ||
| 035 | _aurn:nbn:sk:snk-am0080ao | ||
| 039 | 9 |
_a201511121720 _bVLOAD _c201507071642 _dVLOAD _c201209061011 _dmsnk38 _c201205161014 _dmsnk24 |
|
| 040 |
_aTTKJF _bslo _cTTKJF _dSNK _eAACR2 |
||
| 041 | 1 |
_aslo _hund |
|
| 044 |
_axo _cSK |
||
| 072 | 7 |
_a395 _xSpoločenské správanie. Etiketa _2konspekt |
|
| 072 | 7 |
_a0/9-053.2 _xLiteratúra pre deti a mládež (náučná) _2konspekt |
|
| 080 |
_a395 _22001 |
||
| 080 |
_a(0.053.2) _22001 |
||
| 245 | 0 | 0 |
_aNaučím sa slušne správať _b[knižka o slušnom správaní pre najmenších _cvoľne prebásnila Daniela Reichstädterová ; ilustrácie: Ekaterina Zaborovskaja, Svetlana Borovik] |
| 250 | _a1. vyd. | ||
| 260 |
_aBratislava _bMatys _c2011 |
||
| 300 |
_a88 s. _bfareb. ilustr. _c28 cm |
||
| 650 | 0 | 7 |
_aspoločenské správanie _2SNKPH |
| 650 | 0 | 7 |
_aEtiquette _2SNKPHeng |
| 655 | 7 |
_apublikácie pre deti _2SNKPH |
|
| 655 | 7 |
_aChildren's literature _2SNKPHeng |
|
| 700 | 1 |
_aZaborovskaja, Ekaterina _4ill |
|
| 700 | 1 |
_aBorovik, Svetlana _4ill |
|
| 700 | 1 |
_aReichstädterová, Daniela _4trl |
|
| 942 |
_2ddc _cOLDE _n0 |
||
| 949 |
_63869A19976 _abpksh82-93 _bbpksh60291 |
||
| 949 |
_617A0879876 _asnkSB 82669 _bsnk2012/5831 _o703/12 _s6100:20140925 |
||
| 949 |
_617A0879877 _asnkSB 82669 D1 _bsnk2012/5833 _o703/12 |
||
| 980 | _a087.5 | ||
| 980 | _a395 | ||
| 980 | _a(0.053.2) | ||
| 999 |
_c21998 _d21998 |
||